| 000 | 00532 a2200193 4500 | ||
|---|---|---|---|
| 003 | Nust | ||
| 005 | 20220509110308.0 | ||
| 038 | _awaseem | ||
| 040 | _cNust | ||
| 082 |
_a170 _bRUS |
||
| 100 |
_aBertrand Russell _913371 |
||
| 245 |
_aThe Conquest of Happiness / _cBertrand Russell |
||
| 260 |
_aLahore : _bAli Majeed, _c1956. |
||
| 300 |
_a252 p.; _c18 cm. |
||
| 505 | _aPart I:Causes of Unhappiness (Page-19) Part II Causes of Happiness (Page-143) | ||
| 538 | _aAlmirah No.47 Shelf No.5 | ||
| 563 | _aHBK. | ||
| 942 |
_2ddc _cBK |
||
| 999 |
_c193803 _d193803 |
||